| 000 | 00389nam a22001217a 4500 | ||
|---|---|---|---|
| 008 | 230609b xxu||||| |||| 00| 0 eng d | ||
| 082 |
_a354.676 _bGOK |
||
| 245 |
_a2011/2012 Estimates of Recurrent Expenditure of the Government of Kenya for the Year Ending 30th June, 2012 _bVotes (R1 -R17) |
||
| 260 |
_aNairobi,Kenya _bGOK _cJune,2011 |
||
| 300 | _aXIII,1604p | ||
| 440 | _vI | ||
| 942 |
_2ddc _cBK |
||
| 999 |
_c944 _d944 |
||